00495nam a2200169Ia 4500003000900000008004100009040001600050080001500066100002200081245008900103260004700192300001400239490002900253650001100282650001500293650001700308IN-BaIIA211028s9999 xx 000 0 eng d cIIA Library a523.4bPLA aKuiper, Gerald P. 0aPlanets and satellitescGerald P. Kuiper  aChicagobUniversity of Chicago Pressc1961 axx, 601p. aThe solar system; v. III aPlanet aSatellites aSolar system